Air quality and climate change (Record no. 106828)

MARC details
000 -LEADER
fixed length control field 01294cad a22002295a 4500
001 - CONTROL NUMBER
control field L137571
008 - FIXED-LENGTH DATA ELEMENTS--GENERAL INFORMATION
fixed length control field 110623s2007 xxkbd f f000 0 eng d
020 ## - INTERNATIONAL STANDARD BOOK NUMBER
International Standard Book Number 0855211725
035 ## - SYSTEM CONTROL NUMBER
System control number (Sirsi) u137571
041 0# - LANGUAGE CODE
Language code of text/sound track or separate title eng
050 04 - LIBRARY OF CONGRESS CALL NUMBER
Classification number 614.7 $2 18
110 1# - MAIN ENTRY--CORPORATE NAME
Corporate name or jurisdiction name as entry element United Kingdom
Subordinate unit Air Quality Expert Group
9 (RLIN) 5163
245 00 - TITLE STATEMENT
Title Air quality and climate change
Remainder of title a UK perspective
Medium [electronic resource]
260 ## - PUBLICATION, DISTRIBUTION, ETC.
Place of publication, distribution, etc. London
Name of publisher, distributor, etc. Defra
Date of publication, distribution, etc. 2007
520 ## - SUMMARY, ETC.
Summary, etc. Examines the linkages between climate change and air quality and identifies synergies where measures to improve air quality can help to ameliorate climate change, and trade offs where policy measures in the two areas act in opposition. Considers which air pollutants cause poor air quality and climate change, what kind of changes in climate and air quality they will bring about, and what action could be taken to tackle air quality and climate change together.
590 ## - LOCAL NOTE (RLIN)
Local note KA
650 24 - SUBJECT ADDED ENTRY--TOPICAL TERM
Topical term or geographic name entry element AIR POLLUTION
651 #4 - SUBJECT ADDED ENTRY--GEOGRAPHIC NAME
Geographic name United Kingdom
Chronological subdivision
690 ## - LOCAL SUBJECT ADDED ENTRY--TOPICAL TERM (OCLC, RLIN)
Topical term or geographic name as entry element ENVIRONMENTAL AND LAND CONSULTANCY-SUSTAINABILITY-SUSTAINABLE DEVELOPMENT
856 40 - ELECTRONIC LOCATION AND ACCESS
Uniform Resource Identifier <a href="https://archive.defra.gov.uk/environment/quality/air/airquality/publications/airqual-climatechange/documents/fullreport.pdf">https://archive.defra.gov.uk/environment/quality/air/airquality/publications/airqual-climatechange/documents/fullreport.pdf</a>
Public note View the item free of charge at http://archive.defra.gov.uk
942 ## - ADDED ENTRY ELEMENTS (KOHA)
Suppress in OPAC 0
Holdings
Withdrawn status Lost status Source of classification or shelving scheme Damaged status Not for loan Home library Current library Shelving location Date acquired Total Checkouts Full call number Barcode Date last seen Copy number Price effective from Koha item type
    Dewey Decimal Classification     Virtual Virtual Online 16/04/2007   L137571 137571-1001 06/08/2019 1 06/08/2019 Book